[Event "134th YMCA Winter A"]
[Site "Warszawa"]
[Date "2014.02.07"]
[Round "5"]
[White "Olenderek, Tomasz"]
[Black "Sanz Losada, Victoriano"]
[Result "0-1"]
[WhiteElo "2150"]
[BlackElo "2103"]
[PlyCount "50"]
[EventDate "2014.01.09"]
[EventType "tourn"]
[EventRounds "1"]
[EventCountry "POL"]
[SourceDate "2014.01.09"]

1. d4 Nf6 2. Nf3 b6 3. e3 Bb7 4. Nbd2 e6 5. Bd3 d5 6. O-O Nbd7 7. Qe2 Ne4 8.
Ne5 Nxe5 9. dxe5 Nc5 10. f4 Nxd3 11. Qxd3 Qd7 12. a4 a5 13. b3 Ba6 14. c4 dxc4
15. Qxd7+ Kxd7 16. Nxc4 Bc5 17. Rd1+ Kc6 18. Ba3 Bxc4 19. Bxc5 Bxb3 20. Rd3
Bxa4 21. Rc3 bxc5 22. Rxa4 Rhb8 23. Rca3 Rb1+ 24. Kf2 Rb5 25. Ke2 Rb4 0-1

[Event "134th YMCA Winter A"]
[Site "Warszawa"]
[Date "2014.02.06"]
[Round "5"]
[White "Choroszej, Aleksander"]
[Black "Delega, Tomasz"]
[Result "0-1"]
[WhiteElo "2130"]
[BlackElo "2080"]
[PlyCount "70"]
[EventDate "2014.01.09"]
[EventType "tourn"]
[EventRounds "1"]
[EventCountry "POL"]
[SourceDate "2014.01.09"]

1. d4 e6 2. c4 f5 3. Nc3 Nf6 4. g3 Bb4 5. Bg2 O-O 6. Nf3 Bxc3+ 7. bxc3 d6 8.
O-O Qe7 9. Ba3 c5 10. Nd2 e5 11. Nb3 Na6 12. dxc5 Nxc5 13. Nxc5 dxc5 14. Bd5+
Kh8 15. Qc1 Rb8 16. Qe3 b6 17. f3 Ba6 18. Rfd1 Rbd8 19. Rd2 Rd7 20. Rad1 Rfd8
21. Kf2 Ne8 22. Bc1 Qf6 23. Rd3 h6 24. f4 e4 25. Bxe4 Nd6 26. Bc6 Re7 27. Qf3
Bxc4 28. R3d2 Ne4+ 29. Bxe4 Rxd2 30. Rxd2 Rxe4 31. Qh5 Kh7 32. e3 Bf7 33. Qd1
Qxc3 34. Rd7 Bxa2 35. Qe2 Qxc1 0-1

[Event "134th YMCA Winter A"]
[Site "Warszawa"]
[Date "2014.02.06"]
[Round "5"]
[White "Szymczak, Rafal"]
[Black "Rozycki, Bartlomiej"]
[Result "1/2-1/2"]
[WhiteElo "2075"]
[BlackElo "2076"]
[Annotator "Admin"]
[PlyCount "26"]
[EventDate "2014.01.09"]
[EventType "tourn"]
[EventRounds "1"]
[EventCountry "POL"]
[SourceDate "2014.01.09"]

1. d4 Nf6 2. c4 e6 3. Nc3 b6 4. e4 d5 5. cxd5 exd5 6. e5 Ne4 7. Bb5+ c6 8. Bd3
Nxc3 9. bxc3 c5 10. Ne2 cxd4 11. cxd4 Bb4+ 12. Bd2 Bxd2+ 13. Qxd2 O-O $11
1/2-1/2

[Event "134th YMCA Winter A"]
[Site "Warszawa"]
[Date "2014.02.06"]
[Round "5"]
[White "Nowak, Lukasz"]
[Black "Luksik, Mateusz"]
[Result "1/2-1/2"]
[WhiteElo "2087"]
[BlackElo "2071"]
[Annotator "Admin"]
[PlyCount "75"]
[EventDate "2014.01.09"]
[EventType "tourn"]
[EventRounds "1"]
[EventCountry "POL"]
[SourceDate "2014.01.09"]

1. e4 c5 2. Nf3 d6 3. d4 cxd4 4. Nxd4 Nf6 5. Nc3 g6 6. Be3 Bg7 7. f3 O-O 8. Qd2
Nc6 9. g4 Be6 10. Nxe6 fxe6 11. O-O-O Rc8 12. Nb5 a6 13. Nd4 Nxd4 14. Bxd4 Nd7
15. Bxg7 Kxg7 16. f4 Qc7 17. Bd3 Nc5 18. Kb1 Qc6 19. Rde1 Rc7 20. h4 Nxd3 21.
cxd3 Rfc8 22. Rc1 Qxc1+ 23. Qxc1 Rxc1+ 24. Rxc1 Rxc1+ 25. Kxc1 e5 26. fxe5 dxe5
$11 27. Kd2 Kf6 28. Kc3 Ke6 29. a4 b6 30. a5 b5 31. d4 Kd6 32. d5 Kc5 33. g5
b4+ 34. Kd3 Kb5 35. b3 Kc5 36. Ke3 Kd6 37. Kd3 Kc5 38. Ke3 $11 1/2-1/2

[Event "134th YMCA Winter A"]
[Site "Warszawa"]
[Date "2014.02.06"]
[Round "5"]
[White "Goslawski, Michal"]
[Black "Kielar, Maciej"]
[Result "1-0"]
[WhiteElo "2154"]
[BlackElo "2118"]
[PlyCount "77"]
[EventDate "2014.01.09"]
[EventType "tourn"]
[EventRounds "1"]
[EventCountry "POL"]
[SourceDate "2014.01.09"]

1. Nf3 g6 2. d4 Bg7 3. e4 c5 4. dxc5 Qa5+ 5. c3 Qxc5 6. Na3 Nf6 7. Nb5 b6 8. b4
Qc6 9. e5 Ne4 10. Nfd4 Qb7 11. Bd3 Bxe5 12. Qe2 d5 13. f3 a6 14. fxe4 axb5 15.
Bh6 Bxd4 16. cxd4 Be6 17. O-O Nd7 18. Rfe1 Rc8 19. Rad1 Rc4 20. Bxc4 bxc4 21.
a4 Rg8 22. e5 Bf5 23. Qd2 Kd8 24. b5 Qa7 25. Ra1 Nb8 26. Bg5 Kc8 27. a5 Re8 28.
Qb4 bxa5 29. Rxa5 Qxd4+ 30. Be3 Qxe5 31. Ra7 Qd6 32. Bc5 Qf6 33. Qa5 Na6 34.
bxa6 Qc6 35. Rb7 e5 36. Rb6 Qa8 37. a7 Kd7 38. Qb5+ Kc7 39. Bd6+ 1-0

[Event "134th YMCA Winter A"]
[Site "Warszawa"]
[Date "2014.02.14"]
[Round "5"]
[White "Liberadzki, Slawomir"]
[Black "Witek, Tomasz"]
[Result "0-1"]
[WhiteElo "2108"]
[BlackElo "2105"]
[Annotator "Admin"]
[PlyCount "116"]
[EventDate "2014.01.09"]
[EventType "tourn"]
[EventRounds "1"]
[EventCountry "POL"]
[SourceDate "2014.01.09"]

1. e4 e6 2. d4 d5 3. e5 c5 4. c3 Nc6 5. Nf3 Qb6 6. a3 f6 7. Bd3 fxe5 8. dxe5
Nh6 9. O-O Bd7 10. b4 Nf7 11. Re1 Be7 12. Nbd2 O-O 13. Nf1 c4 14. Bb1 Nfxe5 15.
Nd4 Nxd4 16. cxd4 Ng6 17. Ng3 e5 18. dxe5 Qxf2+ 19. Kh1 Nf4 20. Bxf4 Rxf4 21.
Ra2 Qb6 22. Qxd5+ Be6 23. Qd1 Raf8 24. Rae2 g6 25. Qc2 $11 Bh4 26. Qc1 Rf2 27.
Be4 Bxg3 28. hxg3 Rxe2 29. Rxe2 c3 30. Bf3 Qd4 31. Re4 Qf2 32. Qxc3 Qxg3 33.
Qe1 Rxf3 34. gxf3 Qxf3+ 35. Kh2 Bd5 36. Re2 Qh5+ 37. Kg3 Qf3+ 38. Kh2 Qh5+ 39.
Kg3 g5 40. Re4 Bxe4 41. Qxe4 Qh4+ 42. Qxh4 gxh4+ 43. Kxh4 b5 44. Kg5 Kf7 45.
Kh6 Ke7 46. Kxh7 Ke6 47. Kg7 Kxe5 48. Kf7 Kd5 49. Ke7 Kc4 50. Kd6 Kb3 51. Kc5
Ka4 52. Kc6 a6 53. Kb6 Kxa3 54. Ka5 Kb3 55. Kxa6 Kxb4 56. Kb6 Kc4 57. Ka5 b4
58. Ka4 Kc3 0-1

[Event "134th YMCA Winter A"]
[Site "Warszawa"]
[Date "2014.02.13"]
[Round "6"]
[White "Kielar, Maciej"]
[Black "Liberadzki, Slawomir"]
[Result "1/2-1/2"]
[WhiteElo "2118"]
[BlackElo "2108"]
[Annotator "Admin"]
[PlyCount "23"]
[EventDate "2014.01.09"]
[EventType "tourn"]
[EventRounds "1"]
[EventCountry "POL"]
[SourceDate "2014.01.09"]

1. e4 c5 2. Nf3 e6 3. d3 Nc6 4. g3 g6 5. Bg2 Bg7 6. O-O Nge7 7. Re1 d6 8. c3
O-O 9. Be3 b6 10. d4 cxd4 11. Nxd4 Bb7 12. Na3 $11 1/2-1/2

[Event "134th YMCA Winter A"]
[Site "Warszawa"]
[Date "2014.02.10"]
[Round "6"]
[White "Luksik, Mateusz"]
[Black "Goslawski, Michal"]
[Result "1/2-1/2"]
[WhiteElo "2071"]
[BlackElo "2154"]
[Annotator "Admin"]
[PlyCount "69"]
[EventDate "2014.01.09"]
[EventType "tourn"]
[EventRounds "1"]
[EventCountry "POL"]
[SourceDate "2014.01.09"]

1. e4 e6 2. d4 d5 3. e5 c5 4. c3 Nc6 5. Nf3 Qb6 6. Na3 cxd4 7. cxd4 Bd7 8. Nc2
Nge7 9. Bd3 Nf5 10. O-O Nb4 11. Nxb4 Bxb4 12. Qb3 Be7 13. Qxb6 axb6 14. g4 Nh4
15. Nxh4 Bxh4 16. Bd2 Ra4 17. Be3 O-O 18. g5 f5 19. f4 h6 20. gxh6 gxh6 21. b3
Ra3 22. Bc1 Raa8 23. a4 Kh7 24. Be3 Rg8+ 25. Kh1 Rgc8 26. Rac1 Be8 27. Be2 b5
28. axb5 Rxc1 29. Rxc1 Ra2 30. Rc7+ Kg6 31. Bf1 Rb2 32. Rxb7 Rxb3 33. Rb8 Bf7
34. Bg1 Be1 35. Be2 $11 1/2-1/2

[Event "134th YMCA Winter A"]
[Site "Warszawa"]
[Date "2014.03.10"]
[Round "6"]
[White "Rozycki, Bartlomiej"]
[Black "Nowak, Lukasz"]
[Result "1/2-1/2"]
[WhiteElo "2076"]
[BlackElo "2087"]
[Annotator "Admin"]
[PlyCount "79"]
[EventDate "2014.01.09"]
[EventType "tourn"]
[EventRounds "1"]
[EventCountry "POL"]
[SourceDate "2014.01.09"]

1. e4 c5 2. Nf3 d6 3. d4 cxd4 4. Nxd4 Nf6 5. Nc3 a6 6. Bg5 Nbd7 7. f4 Qc7 8.
Qf3 b5 9. O-O-O Bb7 10. Bd3 g6 11. Nd5 Nxd5 12. exd5 Bg7 13. Rhe1 Nf6 14. Nc6
e6 15. f5 O-O 16. fxe6 fxe6 17. Rxe6 Nxd5 18. Qxd5 Qxc6 19. Qb3 Qd5 20. Qxd5
Bxd5 21. Rxd6 Bxg2 22. Re1 Rf7 23. Ree6 Bb7 24. a4 Bf8 25. Rd8 Rxd8 26. Bxd8
Rd7 27. Bg5 bxa4 28. Bxa6 a3 29. Bxb7 Rxb7 30. bxa3 Bxa3+ 31. Kd2 Rd7+ 32. Kc3
Bd6 33. h4 Bf8 34. Rc6 h6 35. Be3 Kf7 36. Kc4 Be7 37. h5 gxh5 38. Rxh6 h4 39.
Bd4 Bg5 40. Rh7+ $11 1/2-1/2

[Event "134th YMCA Winter A"]
[Site "Warszawa"]
[Date "2014.02.13"]
[Round "6"]
[White "Delega, Tomasz"]
[Black "Szymczak, Rafal"]
[Result "1/2-1/2"]
[WhiteElo "2080"]
[BlackElo "2075"]
[Annotator "Admin"]
[PlyCount "74"]
[EventDate "2014.01.09"]
[EventType "tourn"]
[EventRounds "1"]
[EventCountry "POL"]
[SourceDate "2014.01.09"]

1. e4 c6 2. d4 d5 3. Nc3 dxe4 4. Nxe4 Bf5 5. Ng3 Bg6 6. Nf3 Nd7 7. Nh4 e6 8.
Nxg6 hxg6 9. Bd3 Ngf6 10. Qe2 Qc7 11. Bd2 O-O-O 12. O-O-O Bd6 13. Qf3 e5 14.
Bc4 Nb6 15. Ba5 exd4 16. Rxd4 Bc5 17. Rxd8+ Rxd8 18. Bb3 Rd7 19. Ne4 Nxe4 20.
Qxe4 Re7 21. Qf3 f6 22. h4 Qd7 23. h5 Qf5 24. Qxf5+ gxf5 25. h6 gxh6 26. Rxh6
Bxf2 27. Rxf6 Be3+ 28. Kd1 f4 29. Be6+ Kc7 30. Bc3 Nd7 31. Bxd7 Kxd7 32. Rg6 b6
33. Rg7 Rxg7 34. Bxg7 Ke6 35. Ke2 Kf5 36. Kf3 Bc5 37. b3 b5 $11 1/2-1/2

[Event "134th YMCA Winter A"]
[Site "Warszawa"]
[Date "2014.02.25"]
[Round "6"]
[White "Sanz Losada, Victoriano"]
[Black "Choroszej, Aleksander"]
[Result "1/2-1/2"]
[WhiteElo "2103"]
[BlackElo "2130"]
[Annotator "Admin"]
[PlyCount "68"]
[EventDate "2014.01.09"]
[EventType "tourn"]
[EventRounds "1"]
[EventCountry "POL"]
[SourceDate "2014.01.09"]

1. d4 g6 2. c4 Bg7 3. Nc3 d6 4. e4 Nf6 5. f3 O-O 6. Be3 c5 7. d5 Nbd7 8. Qd2 a6
9. Nh3 Ne5 10. Nf2 e6 11. Bh6 Bxh6 12. Qxh6 exd5 13. exd5 Re8 14. O-O-O b5 15.
h3 b4 16. Nce4 Nxe4 17. Nxe4 f6 18. h4 Nf7 19. Qf4 f5 20. Nd2 Qf6 21. Bd3 Qe5
22. Qxe5 $11 Nxe5 23. Kc2 Bd7 24. Rhe1 Kf7 25. Nf1 Re7 26. f4 Ng4 27. Rxe7+
Kxe7 28. b3 Kf7 29. a4 a5 30. Re1 Nf6 31. Ng3 Re8 32. Rxe8 Kxe8 33. Kd2 Kf7 34.
Bc2 Kg7 1/2-1/2

[Event "134th YMCA Winter A"]
[Site "Warszawa"]
[Date "2014.02.13"]
[Round "6"]
[White "Eggink, Mateusz"]
[Black "Olenderek, Tomasz"]
[Result "0-1"]
[WhiteElo "2052"]
[BlackElo "2150"]
[PlyCount "50"]
[EventDate "2014.01.09"]
[EventType "tourn"]
[EventRounds "1"]
[EventCountry "POL"]
[SourceDate "2014.01.09"]

1. e4 e5 2. Nf3 d6 3. d4 exd4 4. Nxd4 Nf6 5. Nc3 g6 6. Be2 Bg7 7. O-O O-O 8. f4
Re8 9. Bf3 Nbd7 10. Re1 c6 11. Be3 Nc5 12. e5 dxe5 13. Nxc6 Qxd1 14. Raxd1 bxc6
15. Bxc5 Bg4 16. fxe5 Nd7 17. Bf2 Bxf3 18. Rxd7 Bg4 19. Rc7 Bxe5 20. Rxc6 Rad8
21. h3 Bf5 22. Nd1 Rd2 23. c3 Bc2 24. Ne3 Be4 25. Nc4 Bh2+ 0-1

[Event "134th YMCA Winter A"]
[Site "Warszawa"]
[Date "2014.02.20"]
[Round "7"]
[White "Choroszej, Aleksander"]
[Black "Eggink, Mateusz"]
[Result "1-0"]
[WhiteElo "2130"]
[BlackElo "2052"]
[PlyCount "55"]
[EventDate "2014.01.09"]
[EventType "tourn"]
[EventRounds "1"]
[EventCountry "POL"]
[SourceDate "2014.01.09"]

1. d4 Nf6 2. c4 e6 3. Nc3 Bb4 4. f3 d5 5. a3 Bxc3+ 6. bxc3 dxc4 7. e4 b5 8. a4
c6 9. Ba3 a5 10. Rb1 Nxe4 11. fxe4 Qh4+ 12. Ke2 Qxe4+ 13. Kf2 Nd7 14. Be2 Nf6
15. Bf3 Qf4 16. Ke1 Qe3+ 17. Kf1 Nd5 18. Bxd5 cxd5 19. axb5 Qxc3 20. Bc5 a4 21.
Kf2 a3 22. Bb4 Qd3 23. Qxd3 cxd3 24. Nf3 f6 25. Rb3 a2 26. Ra1 Ra4 27. Bc5 Kd7
28. Rb2 1-0

[Event "134th YMCA Winter A"]
[Site "Warszawa"]
[Date "2014.03.10"]
[Round "7"]
[White "Szymczak, Rafal"]
[Black "Sanz Losada, Victoriano"]
[Result "1-0"]
[WhiteElo "2075"]
[BlackElo "2103"]
[Annotator "Admin"]
[PlyCount "141"]
[EventDate "2014.01.09"]
[EventType "tourn"]
[EventRounds "1"]
[EventCountry "POL"]
[SourceDate "2014.01.09"]

1. f4 b6 2. d4 Bb7 3. c4 e6 4. Nc3 Bb4 5. e3 Nf6 6. Bd2 Bxc3 7. Bxc3 Ne4 8. Nf3
Nxc3 9. bxc3 d6 10. Bd3 c5 11. O-O g6 12. Qa4+ Qd7 13. Qxd7+ Nxd7 14. e4 $11 f6
15. d5 e5 16. fxe5 dxe5 17. Nd2 Ke7 18. Bc2 Rad8 19. Ba4 Nb8 20. Bb5 Rhf8 21.
Rf3 Bc8 22. Re1 Rf7 23. Rfe3 Kd6 24. h3 Rdf8 25. Nf3 Re7 26. R1e2 Na6 27. a4
Nb8 28. a5 bxa5 29. Ra2 a6 30. Ba4 Rb7 31. Bc2 Rff7 32. Re2 Rb6 33. Rxa5 Rb2
34. Ne1 Rc7 35. Nd3 Rb6 36. Kh2 Nd7 37. Ba4 Nf8 38. Bc6 Nd7 39. g4 Nb8 40. Ba4
f5 41. exf5 gxf5 42. Rxe5 fxg4 43. Rh5 Rg7 44. Rh6+ Rg6 45. Rxg6+ hxg6 46. hxg4
Bxg4 47. Nxc5 Rb2+ 48. Kg3 Bc8 49. Nd3 Rd2 50. Nb4 Nd7 51. Bxd7 Kxd7 52. Kf4
Rd1 53. Nxa6 Rc1 54. Nc5+ Kc7 55. Ne4 Bf5 56. c5 Bxe4 57. Kxe4 Rxc3 58. Kd4 Rh3
59. Ra7+ Kb8 60. Rg7 Rh4+ 61. Ke5 Rh6 62. c6 g5 63. Rxg5 Kc7 64. Rg7+ Kb8 65.
Kd4 Rh1 66. Kc5 Rf1 67. d6 Rc1+ 68. Kd5 Rd1+ 69. Ke6 Re1+ 70. Kd7 Rc1 71. Rg8+
1-0

[Event "134th YMCA Winter A"]
[Site "Warszawa"]
[Date "2014.03.12"]
[Round "7"]
[White "Nowak, Lukasz"]
[Black "Delega, Tomasz"]
[Result "1/2-1/2"]
[WhiteElo "2087"]
[BlackElo "2080"]
[Annotator "Admin"]
[PlyCount "46"]
[EventDate "2014.01.09"]
[EventType "tourn"]
[EventRounds "1"]
[EventCountry "POL"]
[SourceDate "2014.01.09"]

1. e4 e5 2. Nf3 Nc6 3. Bb5 Nge7 4. Nc3 d6 5. d4 Bd7 6. O-O Nxd4 7. Nxd4 exd4 8.
Bxd7+ Qxd7 9. Qxd4 Nc6 10. Qd1 O-O-O 11. Nd5 f5 12. exf5 Qxf5 13. b3 h5 14. Bb2
Rh6 15. Qd2 Re6 16. Rae1 Rde8 17. c4 g6 18. Bc3 Qf7 19. Qf4 Qxf4 20. Nxf4 Rxe1
21. Rxe1 Rxe1+ 22. Bxe1 Ne7 23. Bc3 Bh6 $11 1/2-1/2

[Event "134th YMCA Winter A"]
[Site "Warszawa"]
[Date "2014.03.11"]
[Round "7"]
[White "Goslawski, Michal"]
[Black "Rozycki, Bartlomiej"]
[Result "1-0"]
[WhiteElo "2154"]
[BlackElo "2076"]
[PlyCount "51"]
[EventDate "2014.01.09"]
[EventType "tourn"]
[EventRounds "1"]
[EventCountry "POL"]
[SourceDate "2014.01.09"]

1. Nf3 Nf6 2. c4 e6 3. g3 d5 4. d4 dxc4 5. Bg2 Nc6 6. O-O Rb8 7. Nc3 b5 8. Ne5
Nxe5 9. dxe5 Nd7 10. Qd4 c5 11. Qf4 Qc7 12. a4 a6 13. axb5 axb5 14. Rd1 Nxe5
15. Bc6+ Qxc6 16. Qxe5 Rb6 17. Nd5 f6 18. Nxf6+ Kf7 19. Ne4 Be7 20. Bh6 Rg8 21.
Bg5 Re8 22. Bxe7 Rxe7 23. Qh5+ Kf8 24. Rd8+ Re8 25. Rxe8+ Qxe8 26. Qxc5+ 1-0

[Event "134th YMCA Winter A"]
[Site "Warszawa"]
[Date "2014.02.17"]
[Round "7"]
[White "Liberadzki, Slawomir"]
[Black "Luksik, Mateusz"]
[Result "1-0"]
[WhiteElo "2108"]
[BlackElo "2071"]
[Annotator "Admin"]
[PlyCount "83"]
[EventDate "2014.01.09"]
[EventType "tourn"]
[EventRounds "1"]
[EventCountry "POL"]
[SourceDate "2014.01.09"]

1. e4 c6 2. c4 d5 3. exd5 cxd5 4. cxd5 Nf6 5. Nc3 Nxd5 6. Nf3 Nc6 7. Bb5 e6 8.
O-O Be7 9. d4 O-O 10. Qb3 Bf6 11. Bxc6 bxc6 12. Ne4 Ba6 13. Nxf6+ Qxf6 14. Bg5
Qf5 15. Rfe1 h6 16. Bh4 Rfb8 17. Qa3 Nb4 18. Be7 Nc2 19. Qxa6 Nxa1 20. Rxa1
Rxb2 21. Rc1 Rab8 22. Qxc6 Rb1 23. Nd2 Rxc1+ 24. Qxc1 Qa5 25. Ba3 Qa6 26. h3
Rc8 27. Qb2 Qe2 $11 28. Bc5 a6 29. Qb7 Rd8 30. Nf3 f6 31. a3 Qd1+ 32. Kh2 Qe2
33. Qe7 Rd5 34. Ne5 Kh7 35. Qxe6 Rxc5 36. dxc5 fxe5 37. c6 Qxf2 38. Qxe5 Qc2
39. c7 a5 40. a4 Qc1 41. Qf5+ g6 42. c8=Q 1-0

[Event "134th YMCA Winter A"]
[Site "Warszawa"]
[Date "2014.03.06"]
[Round "7"]
[White "Witek, Tomasz"]
[Black "Kielar, Maciej"]
[Result "0-1"]
[WhiteElo "2105"]
[BlackElo "2118"]
[PlyCount "51"]
[EventDate "2014.01.09"]
[EventType "tourn"]
[EventRounds "1"]
[EventCountry "POL"]
[SourceDate "2014.01.09"]

1. d4 c5 2. d5 e5 3. e4 d6 4. f4 exf4 5. Bxf4 Nf6 6. Nc3 Bg4 7. Be2 Bxe2 8.
Qxe2 Nbd7 9. Nf3 Be7 10. Nd2 O-O 11. O-O-O Re8 12. g4 Nf8 13. Nc4 Ng6 14. Bg3
b5 15. Nd2 b4 16. Ncb1 Rc8 17. g5 Nd7 18. h4 Qa5 19. Nc4 Qxa2 20. Bxd6 Nb6 21.
Nxb6 Bxd6 22. Nxc8 Bf4+ 23. Rd2 Rxc8 24. Rf1 c4 25. c3 Bxd2+ 26. Nxd2 0-1

[Event "134th YMCA Winter A"]
[Site "Warszawa"]
[Date "2014.03.21"]
[Round "8"]
[White "Rozycki, Bartlomiej"]
[Black "Liberadzki, Slawomir"]
[Result "1/2-1/2"]
[WhiteElo "2076"]
[BlackElo "2108"]
[Annotator "Admin"]
[PlyCount "89"]
[EventDate "2014.01.09"]
[EventType "tourn"]
[EventRounds "1"]
[EventCountry "POL"]
[SourceDate "2014.01.09"]

1. d4 d5 2. c4 e6 3. Nf3 Nf6 4. g3 b6 5. Bg2 Bb7 6. O-O Be7 7. Qc2 O-O 8. Nbd2
c5 9. dxc5 bxc5 10. cxd5 exd5 11. Nb3 Qb6 12. Be3 Na6 13. Rac1 d4 14. Bd2 Be4
15. Qc4 Bd5 16. Qa4 Rab8 17. Ne5 Bxg2 18. Kxg2 Nb4 19. Bxb4 Qxb4 20. Qxb4 Rxb4
21. Nc6 Rb7 22. Kf3 Bd6 23. Nca5 Rb5 24. Nc4 Be7 25. e3 dxe3 26. Nxe3 Nd7 27.
Rfd1 Nb6 28. Nd5 Nxd5 29. Rxd5 Rc8 $11 30. Rd7 Bf6 31. Rxa7 Bxb2 32. Rc2 Bf6
33. Nd2 Rbb8 34. a4 Bd4 35. Nc4 Rb4 36. a5 Ra4 37. Nd6 Rf8 38. Nb5 g6 39. a6
Rd8 40. Nc7 c4 41. Rb7 c3 42. Nb5 Rxa6 43. Nxd4 Rxd4 44. Rxc3 Rf6+ 45. Kg2 $11
1/2-1/2

[Event "134th YMCA Winter A"]
[Site "Warszawa"]
[Date "2014.03.10"]
[Round "8"]
[White "Delega, Tomasz"]
[Black "Goslawski, Michal"]
[Result "1-0"]
[WhiteElo "2080"]
[BlackElo "2154"]
[PlyCount "75"]
[EventDate "2014.01.09"]
[EventType "tourn"]
[EventRounds "1"]
[EventCountry "POL"]
[SourceDate "2014.01.09"]

1. d4 Nf6 2. Nf3 e6 3. e3 c5 4. Bd3 Nc6 5. O-O Qc7 6. a3 d5 7. b3 Bd6 8. Bb2 b6
9. Nbd2 Bb7 10. dxc5 Bxc5 11. b4 Bd6 12. e4 Ne5 13. Bb5+ Kf8 14. exd5 Bxd5 15.
c4 Bb7 16. Qe2 Ng6 17. h3 Rd8 18. Rfd1 h5 19. c5 bxc5 20. Nc4 Nf4 21. Qe3 N4d5
22. Qb3 Bf4 23. bxc5 Qxc5 24. Bd4 Qc7 25. Bxa7 Rh6 26. Bd4 Ne4 27. Be5 Bxe5 28.
Ncxe5 Qb6 29. Nd4 Qd6 30. Nef3 Rg6 31. Bf1 Ba8 32. Nb5 Qb6 33. Qc2 Nf4 34.
Rxd8+ Qxd8 35. Qc7 Nxh3+ 36. Kh2 Qf6 37. Qb8+ Ke7 38. Qa7+ 1-0

[Event "134th YMCA Winter A"]
[Site "Warszawa"]
[Date "2014.03.08"]
[Round "8"]
[White "Sanz Losada, Victoriano"]
[Black "Nowak, Lukasz"]
[Result "0-1"]
[WhiteElo "2103"]
[BlackElo "2087"]
[Annotator "Admin"]
[PlyCount "122"]
[EventDate "2014.01.09"]
[EventType "tourn"]
[EventRounds "1"]
[EventCountry "POL"]
[SourceDate "2014.01.09"]

1. e4 c5 2. Nf3 d6 3. d4 cxd4 4. Nxd4 Nf6 5. Nc3 a6 6. Be3 e5 7. Nb3 Be6 8. Nd5
Nbd7 9. f3 Bxd5 10. exd5 Qc7 11. c4 b6 12. Rc1 g6 13. Be2 Bg7 14. O-O O-O 15.
Kh1 Nh5 16. Rf2 f5 17. Bf1 f4 18. Bd2 Nc5 19. Bc3 Nxb3 20. axb3 e4 21. fxe4
Bxc3 22. bxc3 Rae8 23. Qd4 Qd8 24. Bd3 Re5 25. Rcf1 Qh4 26. Kg1 Rb8 27. Rf3 g5
28. Qf2 Qg4 29. g3 Qd7 30. Ra1 a5 31. b4 axb4 32. cxb4 Qg7 33. Ra6 g4 34. Rxf4
Nxf4 35. gxf4 Ree8 36. Rxb6 g3 37. Qe3 gxh2+ 38. Kxh2 Qh6+ 39. Kg3 Qg7+ 40. Kf3
Kh8 41. Rxb8 Rxb8 42. e5 Rg8 43. Ke4 dxe5 44. fxe5 Qg4+ 45. Qf4 Qg2+ 46. Kd4
Rg4 47. Qxg4 Qxg4+ 48. Be4 Qg1+ 49. Kd3 Qb1+ 50. Kd4 Qb2+ 51. Kc5 Qxe5 52. b5
$11 Qxe4 53. b6 h5 54. b7 Qe5 55. Kb6 Qd6+ 56. Ka7 Qc5+ 57. Ka8 Qa5+ 58. Kb8
Qa6 59. c5 Qa5 60. c6 Qxd5 61. c7 Qe5 0-1

[Event "134th YMCA Winter A"]
[Site "Warszawa"]
[Date "2014.03.05"]
[Round "8"]
[White "Eggink, Mateusz"]
[Black "Szymczak, Rafal"]
[Result "1-0"]
[WhiteElo "2052"]
[BlackElo "2075"]
[Annotator "Admin"]
[PlyCount "63"]
[EventDate "2014.01.09"]
[EventType "tourn"]
[EventRounds "1"]
[EventCountry "POL"]
[SourceDate "2014.01.09"]

1. e4 c6 2. Nf3 d5 3. Nc3 dxe4 4. Nxe4 Bf5 5. Ng3 Bg6 6. d4 e6 7. Bd3 Nd7 8.
O-O Ngf6 9. c4 Bd6 10. Bg5 Bxd3 11. Qxd3 h6 12. Bd2 O-O 13. Rfe1 c5 14. d5 Bxg3
15. hxg3 exd5 16. cxd5 Nb6 $11 17. d6 Nfd5 18. Ba5 Re8 19. Bxb6 Nxb6 20. Rxe8+
Qxe8 21. Re1 Qc6 22. Re7 Rd8 23. d7 Kf8 24. Rxf7+ Kg8 25. Ne5 Qe6 26. f4 c4 27.
Qd1 Nd5 28. Qe2 Nf6 29. Qd1 Qb6+ 30. Kh2 Qxb2 31. Rxf6 gxf6 32. Qd5+ 1-0

[Event "134th YMCA Winter A"]
[Site "Warszawa"]
[Date "2014.02.27"]
[Round "8"]
[White "Olenderek, Tomasz"]
[Black "Choroszej, Aleksander"]
[Result "1/2-1/2"]
[WhiteElo "2150"]
[BlackElo "2130"]
[Annotator "Admin"]
[PlyCount "116"]
[EventDate "2014.01.09"]
[EventType "tourn"]
[EventRounds "1"]
[EventCountry "POL"]
[SourceDate "2014.01.09"]

1. d4 g6 2. e4 Bg7 3. Nf3 d6 4. c3 Nf6 5. Nbd2 O-O 6. Bd3 Nc6 7. O-O e5 8. dxe5
dxe5 9. Nc4 Nh5 10. Re1 Nf4 11. Bf1 Qxd1 12. Rxd1 Bg4 13. Be3 Bxf3 14. gxf3
Rfd8 15. a4 a5 16. Na3 Rxd1 17. Rxd1 Rd8 18. Rxd8+ Nxd8 19. Nb5 Nfe6 20. Na3 f6
21. Nc4 Nc6 22. Bh3 Kf7 23. Kf1 Bf8 24. Ke2 Nc5 25. Nxa5 Nxa5 26. b4 Nxa4 27.
bxa5 Nxc3+ 28. Kd3 Nb5 29. Bd7 Nd6 30. Bc5 Ne8 31. Kc4 Bxc5 32. Kxc5 b6+ 33.
axb6 cxb6+ 34. Kxb6 Ng7 35. Kc7 Ke7 36. Bc8 Nh5 37. Bh3 Nf4 38. Bf1 Ne6+ 39.
Kc8 Nd4 40. Bg2 Ne6 41. Bh3 Nf4 42. Bf1 f5 43. exf5 gxf5 44. Kc7 Ne6+ 45. Kc8
Kf6 46. Kd7 Nd4 47. Bg2 Kg5 48. Ke7 h5 49. h4+ Kg6 50. Bh1 f4 51. Bg2 Nf5+ 52.
Ke6 Nxh4 53. Bh1 Kg5 54. Kxe5 Ng6+ 55. Ke4 Ne7 56. Bg2 Nc8 57. Bf1 Nd6+ 58. Ke5
Nf7+ $11 1/2-1/2

[Event "134th YMCA Winter A"]
[Site "Warszawa"]
[Date "2014.03.06"]
[Round "9"]
[White "Szymczak, Rafal"]
[Black "Olenderek, Tomasz"]
[Result "1/2-1/2"]
[WhiteElo "2075"]
[BlackElo "2150"]
[PlyCount "146"]
[EventDate "2014.01.09"]
[EventType "tourn"]
[EventRounds "1"]
[EventCountry "POL"]
[SourceDate "2014.01.09"]

1. f4 d5 2. Nf3 Nc6 3. d4 Nf6 4. e3 Bf5 5. a3 e6 6. c4 Be7 7. Nc3 O-O 8. b4 a6
9. c5 Ne4 10. Nxe4 Bxe4 11. Bd3 f6 12. Bxe4 dxe4 13. Nd2 a5 14. Nxe4 Qd5 15.
Qf3 f5 16. Nd2 axb4 17. Qxd5 exd5 18. Ke2 b6 19. cxb6 cxb6 20. Nb1 Ra6 21. Bb2
Rfa8 22. Rc1 b5 23. Rc2 bxa3 24. Nxa3 b4 25. Nb5 Rxa1 26. Bxa1 Rxa1 27. Rxc6 b3
28. Rb6 Bb4 29. Nc7 Ra4 30. Kd3 Ba5 31. Rb8+ Kf7 32. Nxd5 Ke6 33. Nc3 Ra2 34.
Rxb3 Rxg2 35. Rb7 Rxh2 36. Rxg7 Bxc3 37. Kxc3 h5 38. Kc4 Rc2+ 39. Kd3 Ra2 40.
Rh7 Rh2 41. Rh6+ Ke7 42. d5 h4 43. Kd4 Rh3 44. Rh7+ Kf6 45. d6 Rh1 46. d7 Rd1+
47. Kc5 Kg6 48. Rxh4 Rxd7 49. Rh8 Rd3 50. Re8 Kf6 51. Kc4 Rd1 52. Re5 Rd2 53.
Rd5 Ra2 54. Rd6+ Ke7 55. Rb6 Rd2 56. Kc3 Rd1 57. Rb4 Ke6 58. Rd4 Ra1 59. Kd2
Ra2+ 60. Ke1 Rb2 61. Rd2 Rb3 62. Kf2 Ra3 63. Rb2 Ke7 64. Rb5 Kf6 65. Rb6+ Kf7
66. Kg3 Rxe3+ 67. Kh4 Re6 68. Rxe6 Kxe6 69. Kg5 Ke7 70. Kxf5 Kf7 71. Ke5 Ke7
72. f5 Kf7 73. f6 Kf8 1/2-1/2